| 000 | 02231nam0a2200337 4500 | ||
|---|---|---|---|
| 001 | RU\NLR\BIBL_A\012157018 | ||
| 005 | 20200109140529.0 | ||
| 010 |
_a978-5-6042038-3-5 _9100 |
||
| 021 |
_aRU _bКН-П-19-083180 _9КН-П-19-6046 |
||
| 035 | _a(NLR Aleph) 012157018 | ||
| 035 | _a(RuMoRGB)010144801 | ||
| 090 |
_a12172020 _c12172020 |
||
| 100 | _a20191206d2019 u y0rusy50 ca | ||
| 101 | 0 | _arus | |
| 102 | _aRU | ||
| 105 | _aachzzz0|||yzb | ||
| 200 | 1 |
_aИванова Маргарита Васильевна - путь длиною в жизнь... (1929-2012) _eк 90-летию со дня рождения _e[воспоминания о докторе медицинских наук, профессоре _eсборник статей] _fМинистерство науки и высшего образования Российской Федерации, Медицинская академия имени С. И. Георгиевского , Федеральное государственное бюджетное образовательное учреждение высшего образования "Крымский федеральный университет им. В. И. Вернадского" _g[под редакцией Г. Э. Сухаревой] |
|
| 210 |
_aСимферополь _cИП Корниенко А.А _d2019 |
||
| 215 |
_a79 с., [2] л. цв. ил. _cил., цв. ил., портр., факс. _d21 |
||
| 600 | 1 |
_aИванова _bМ. В. _gМаргарита Васильевна _f1929 - 2012 _jВоспоминания, записки и т.п _2nlr_sh2 _3RU\NLR\AUTH\6601666506 |
|
| 686 | 1 | _aР.г(2)7д Иванова | |
| 686 | 1 | _aЧ488.94(2Р)7-8Иванова | |
| 702 | 1 |
_aСухарева _bГ. Э. _gГалина Эриковна _4340 |
|
| 702 | 1 |
_aИванова _bМ. В. _cд-р мед. наук, педиатрия _f1929-2012 _gМаргарита Васильевна _3RU\NLR\AUTH\770214213 |
|
| 712 | 0 | 2 |
_aМедицинская академия им С. И. Георгиевского _cСимферополь _3RU\NLR\AUTH\880416385 _4570 |
| 942 | _cBOOK | ||
| 980 | _aNBR | ||
| 980 | _aNB | ||